000 00242nam a2200097Ia 4500
001 994577
005 20250826221429.0
008 250824s9999 xx 000 0 und d
245 0 _aABARTMA TOZU
_cŞERMİN YAŞAR
260 _bTAZE KİTAP YAYINLARI
999 _c994577
_d994577